Código de minería de la República Mexicana sancionado en 22 de noviembre de 1884. Reglamento para la organización de los tribunales de minería y arancel para el cobro de derechos y honorarios sancionado en 28 de noviembre de 1884

Detalles Bibliográficos
Formato: Libro
Lenguaje:Spanish
Publicado: México : imprenta de Clarke y Macias, calle de Tiburcio núm. 2, 1885.
Materias:
Colección:Banco de datos
Acervo:Universidad Autónoma Benito Juárez de Oaxaca. Biblioteca Francisco de Burgoa. Colección histórica
Descripción Física:65 p. ; 18 cm.
Tema general:Minería
Notas:Portada tipográfica con viñeta. Texto a renglón seguido con paginación en números arábigos. Encuadernación en papel (11745). Encuadernación en cartón con lomo en piel (11765, 11766). Ex libris manuscrito en la portada: "Biblioteca de Jesto. Propiedad del Estado de Oaxaca de Juárez. Octubre 18 de 1885..." (11765, 11766). Ex libris en estampa del encuadernador Lorenzo San-German. Oaxaca (11765, 11766)
LEADER 01272nam a22001690004500
035 |a 1462 
041 0 |a spa 
245 1 0 |a Código de minería de la República Mexicana sancionado en 22 de noviembre de 1884. Reglamento para la organización de los tribunales de minería y arancel para el cobro de derechos y honorarios sancionado en 28 de noviembre de 1884 
260 |a México : imprenta de Clarke y Macias, calle de Tiburcio núm. 2, 1885.  
300 |a 65 p. ; 18 cm. 
500 |a Portada tipográfica con viñeta. Texto a renglón seguido con paginación en números arábigos. Encuadernación en papel (11745). Encuadernación en cartón con lomo en piel (11765, 11766). Ex libris manuscrito en la portada: "Biblioteca de Jesto. Propiedad del Estado de Oaxaca de Juárez. Octubre 18 de 1885..." (11765, 11766). Ex libris en estampa del encuadernador Lorenzo San-German. Oaxaca (11765, 11766) 
504 |a Al final de la obra está el índice de contenido 
650 1 0 |a Minería 
852 |a Universidad Autónoma "Benito Juárez" de Oaxaca, Biblioteca Francisco de Burgoa, Colección histórica 11745, 11765, 11766 
942 |c BURHIS 
943 |g Universidad Autónoma Benito Juárez de Oaxaca. Biblioteca Francisco de Burgoa. Colección histórica 
999 |c 1119964  |d 1119964